000 00554naa a2200181 4500
001 173156
003 ES-MaBCM
005 20231211115459.0
008 091119s2009 usa|r0p 0 ||eng d
035 _a(OCoLC)1365235502
040 _cES-MaBCM
100 1 _aKennedy, David M.
_988952
245 1 0 _aWhat the New Deal did
_cDavid M. Kennedy
650 2 7 _aRecesión económica
_958194
651 2 4 _aEstados Unidos
_9115376
773 0 _aEn:
_tPolitical science quarterly
_dNew York
_w104705
_gVol. 124, no. 2 (Summer 2009), p. 251-268
942 _cAREV
_2udc
999 _c173156
_d173156